Frédéric Ozanam / (Registro nro. 156841)
[ vista simple ]
| 000 -LEADER | |
|---|---|
| campo de control de longitud fija | 00660nam a2200181 i 4500 |
| 001 - NÚMERO DE CONTROL | |
| campo de control | 156841 |
| 003 - IDENTIFICADOR DE NÚMERO DE CONTROL | |
| campo de control | ES-MaACL |
| 005 - FECHA Y HORA DE LA ÚLTIMA TRANSACCIÓN | |
| campo de control | 20251110063231.0 |
| 008 - DATOS DE LONGITUD FIJA--INFORMACIÓN GENERAL | |
| campo de control de longitud fija | 040805s1856 fr |||| | fre d |
| 040 ## - FUENTE DE CATALOGACIÓN | |
| Centro catalogador/agencia de origen | CAM |
| Lengua de catalogación | spa |
| Centro/agencia transcriptor | CAM |
| 100 1# - ENTRADA PRINCIPAL--NOMBRE DE PERSONA | |
| Nombre de persona | Lacordaire, Henri-Dominique, |
| Fechas asociadas al nombre | 1802-1861 |
| 9 (RLIN) | 128564 |
| 245 10 - MENCIÓN DEL TÍTULO | |
| Título | Frédéric Ozanam / |
| Mención de responsabilidad, etc. | par Henri-Dominique Lacordaire. |
| 260 ## - PUBLICACIÓN, DISTRIBUCIÓN, ETC. | |
| Lugar de publicación, distribución, etc. | Paris : |
| Nombre del editor, distribuidor, etc. | Jacques Lecoffre, |
| Fecha de publicación, distribución, etc. | 1856 ( |
| Fabricante | Imp. Simon Raçon et comp.) |
| 300 ## - DESCRIPCIÓN FÍSICA | |
| Extensión | 80 p. ; |
| Dimensiones | 23 cm. |
| 600 04 - PUNTO DE ACCESO ADICIONAL DE MATERIA--NOMBRE DE PERSONA | |
| Nombre de persona | Federico Ozanam |
| Títulos y otros términos asociados al nombre | Beato. |
| 9 (RLIN) | 88069 |
| 852 ## - LOCALIZACIÓN | |
| Ubicación | ES-MaACL |
| Número de control de estantería | T-185-F-3 |
| Nota libre | -- Enc. hol. |
| condición física | -- Falto de la cub. original |
| Nota libre | -- Enc. en un vol. facticio |
| Estatus retirado | Estado de pérdida | Estado de daño | No para préstamo | Colección | Biblioteca de origen | Biblioteca actual | Ubicación en estantería | Fecha de adquisición | Total de préstamos | Signatura topográfica completa | Código de barras | Visto por última vez | Precio de reemplazo | Tipo de ítem Koha |
|---|---|---|---|---|---|---|---|---|---|---|---|---|---|---|
| Colección de folletos | Biblioteca del Ateneo de Madrid | Biblioteca del Ateneo de Madrid | Depósito folletos | 17/01/2008 | T-185-F-3 | 1164096 | 23/02/2023 | 23/02/2023 | Folleto |
